Т. 2. [Поэмы]; Стихи и проза
| Parent link: | Стихи и проза: в 3 т./ М. Ю. Лермонтов; иллюстрации М. Ю. Лермонтова. Т. 2. [Поэмы].— , 1980 |
|---|---|
| מחברים אחרים: | |
| סיכום: | На пер. загл. не указано В суперобложке В одном футляре с 81-1653 и 81-1655. |
| שפה: | רוסית |
| יצא לאור: |
1980
|
| נושאים: | |
| פורמט: | MixedMaterials ספר |
| KOHA link: | https://koha.lib.tpu.ru/cgi-bin/koha/opac-detail.pl?biblionumber=219606 |
MARC
| LEADER | 00000nam2a2200000 4500 | ||
|---|---|---|---|
| 001 | 219606 | ||
| 005 | 20231101230254.0 | ||
| 035 | |a (RuTPU)RU\TPU\book\239692 | ||
| 035 | |a RU\TPU\book\236700 | ||
| 090 | |a 219606 | ||
| 100 | |a 20120711d1980 m y0rusy50 ca | ||
| 101 | 0 | |a rus | |
| 102 | |a RU | ||
| 105 | |a ac z 000gy | ||
| 200 | 0 | |a Т. 2. [Поэмы] |f портрет М. Ю. Лермонтова работы К. А. Горбунова | |
| 210 | |d 1980 | ||
| 215 | |a 221 с. |c ил., портр. |d 10 см. | ||
| 300 | |a На пер. загл. не указано | ||
| 300 | |a В суперобложке | ||
| 300 | |a В одном футляре с 81-1653 и 81-1655. | ||
| 461 | 1 | |0 (RuTPU)RU\TPU\book\239687 |t Стихи и проза |o в 3 т. |f М. Ю. Лермонтов |g иллюстрации М. Ю. Лермонтова |v Т. 2. [Поэмы] |d 1980 | |
| 606 | 1 | |a Русская литература, дореволюционная |2 stltpush |3 (RuTPU)RU\TPU\subj\26371 |9 50314 | |
| 610 | 1 | |a художественная литература | |
| 610 | 1 | |a русская литература | |
| 610 | 1 | |a поэмы | |
| 610 | 1 | |a поэтические произведения | |
| 610 | 1 | |a 19 век | |
| 610 | 1 | |a миниатюрные издания | |
| 675 | |a Р1 |v 3 | ||
| 702 | 1 | |a Горбунов |b К. А. |c российский художник |c бывший крепостной |f 1822-1893 |g Кирилл Антонович |2 stltpush |3 (RuTPU)RU\TPU\pers\14278 |4 040 |9 4707 | |
| 801 | 1 | |a RU |b 63413507 |c 20120528 | |
| 801 | 2 | |a RU |b 63413507 |c 20180709 |g RCR | |
| 942 | |c BK | ||